Пролет (Запис номер 145308)
[ съкратено ]
| 000 -Лидер | |
|---|---|
| Контролно поле с фиксирана дължина | nam a22 a 4500 |
| 003 - Код на организацията, давaща контролен номер | |
| Контролно поле | BLK |
| 005 - Дата и час на последна редакция | |
| Контролно поле | 20230126122712.0 |
| 008 - Елементи от данни с фиксирана дължина | |
| fixed length control field | 180410b bul|||||r ||||||| ||bul|| |
| 010 ## - Наследен системен номер | |
| LC control number | KNG00151481000 |
| 040 ## - Източник на каталожния запис | |
| Идентификатор на билиотеката - собственик на записа | BLK |
| 041 ## - Код за език | |
| Код за езика на текст/звукозапис или на отделно заглавие | Български |
| Код за езика КДБФ | Български |
| 080 ## - УДК | |
| Текстов определител УДК | Естонска литература |
| УДК код - определител по УДК | 821.511.113 |
| УДК определител | -93-32 |
| УДК - код + определител | 821.511.113-93-32 |
| 100 1# - Редна дума - Автор | |
| Автор | Лутс, Оскар |
| Авторска отговорност | първи автор |
| R(LIN) | 89983 |
| 139 ## - Редно поле | |
| Редна дума | Лутс, Оскар |
| Авторски знак | Лут - Л 89 |
| 245 10 - Сведения за заглавието | |
| Заглавие | Пролет |
| Подзаглавни данни | Картини от училищния живот : Повест за юноши |
| Редно поле (дума) | Оскар Лутс; прев. от ест. Дора Стоянова Янева-Медникарова; худож. Елена Пъдарева; с послесл. от Александър Панов. |
| 257 ## - Страна на издаване | |
| Страна на създаване/издаване | Естония |
| 260 ## - Област на издателските данни | |
| Място на издаване, разпространение и проч. | София |
| Име на издателя, разпространителя и проч. | Отечество |
| Година на издаване | 1989 |
| Печатница | София : Д. Благоев |
| 300 ## - Физическа характеристика | |
| Страници | 336 с. |
| Илюстрации и др. | с ил. |
| Размери/Мащаб | 21 см |
| 380 ## - Жанр | |
| Жанр | Детска худож. лит. |
| 490 ## - СЕРИИ (Колекции) | |
| Име на серия | Библиотека Когато бях малък |
| №: серия | № 25 |
| 9 (RLIN) | 203192 |
| 500 ## - Общи забележки | |
| Забележка | Ориг. загл. Kevade. - На гърба на кор. портр. на авт. - Без тир. |
| 600 14 - Име на лице, използвано като предмет | |
| За него / За нея | Лутс, Оскар |
| 9 (RLIN) | 89983 |
| 653 ## - Ключова дума – ненормативна | |
| Ключова дума | повести |
| 653 ## - Ключова дума – ненормативна | |
| Ключова дума | детска литература |
| 653 ## - Ключова дума – ненормативна | |
| Ключова дума | литература за деца |
| 700 1# - Други автори (авторска отговорност) | |
| Лично име | Янева-Медникарова, Дора Стоянова |
| Автороска отговорност (Описва отношението между автора и произведението) | прев. от ест. |
| 9 (RLIN) | 365173 |
| 700 1# - Други автори (авторска отговорност) | |
| Лично име | Пъдарева, Елена |
| Автороска отговорност (Описва отношението между автора и произведението) | худож. |
| 9 (RLIN) | 366096 |
| 700 1# - Други автори (авторска отговорност) | |
| Лично име | Панов, Александър |
| Автороска отговорност (Описва отношението между автора и произведението) | с послесл. от |
| 9 (RLIN) | 374792 |
| 852 ## - Местоположение | |
| Форматна сигнатура | Цб 262595 |
| 856 4# - Електронен адрес и достъп | |
| Електронен формат | pdf - файл |
| Инструкция (цена за достъп) | 1.78 |
| Права за достъп | disable |
| 856 4# - Електронен адрес и достъп | |
| Електронен формат | pdf - файл |
| Инструкция (цена за достъп) | 1.78 |
| Права за достъп | disable |
| 999 ## - СИСТЕМНИ КОНТРОЛНИ НОМЕРА | |
| Koha biblionumber | 145308 |
| Koha biblioitemnumber | 145308 |
| 942 ## - АРТИКУЛИ | |
| Вид на библиотечния материал | Книги |
| Скрит в OPAC | Не |
| Периодичен библиозапис | Да |
| 944 ## - СЪЗДАВАНЕ И РЕДАКЦИЯ на ЗАПИСА | |
| Създаване/Редакция | Създаване |
| Дата на регистрацията/редакция | 07.10.2013 |
| Статус, дата на статуса | 07.10.2013 - от С1,Р / 07.10.2013 |
| Служител, извършил регистрацията/редакцията | Ивелин_Чалов |
| 944 ## - СЪЗДАВАНЕ И РЕДАКЦИЯ на ЗАПИСА | |
| Създаване/Редакция | Редакция |
| Дата на регистрацията/редакция | 23.10.2015 |
| Статус, дата на статуса | 07.10.2013 - от С1,Р / 07.10.2013 |
| Служител, извършил регистрацията/редакцията | Елица_Владова |
| 999 ## - СИСТЕМНИ КОНТРОЛНИ НОМЕРА | |
| Koha biblioitemnumber | 145308 |
| Код за отписване | Код за изгубен артикул | Източник на класификационната схема | Код за повреда | Коз за рестрикции | Код за отдаване | Артикулен № | Име на библиотеката - собственик | Име на библиотеката, в която се намира в момента | Статус (Текущо местоположение) | Дата на вписване в системата | Местоположение - отдел | Цена в лева | Инвентарен номер | Систематично азбучна сигнатура | Баркод | Номер на екземпляра | Цена в евро | Служебна бележка | Служебен тип на артикула | Бележка за публиката |
|---|---|---|---|---|---|---|---|---|---|---|---|---|---|---|---|---|---|---|---|---|
| Не е изгубен | Universal Decimal Classification | Не е повреден | без рестрикции | ползва се в читалня | 241276 | Регионална библиотека "Любен Каравелов" Русе | Регионална библиотека "Любен Каравелов" Русе | Хранилище | 1989-01-01 | Хранилище | 1.78 | 517186 | Цб 262595 | 120000517186 | 1 | 0.91 | N: стар фонд Дата: 01.01.1989 | Книги | ||
| Изтеглен | Не е изгубен | Не е повреден | без рестрикции | заемане за дома | 241277 | Регионална библиотека "Любен Каравелов" Русе | Регионална библиотека "Любен Каравелов" Русе | 1989-01-01 | Детски отдел | 1.78 | 518657 | ДХ 820/899/Л 89 | 518657 | 2 | 0.91 | N: стар фонд Дата: 01.01.1989 Дата инв: 12.09.2015 Бележки инв: Д2015 | Книги | Отч.N: 46/17 , Дата: 04.10.2017 | ||
| Изтеглен | Не е изгубен | Universal Decimal Classification | Не е повреден | без рестрикции | заемане за дома | 241278 | Регионална библиотека "Любен Каравелов" Русе | Регионална библиотека "Любен Каравелов" Русе | Детски отдел | 1989-01-01 | Детски отдел | 1.89 | 518659 | ДХ 820/899/Л 89 | 518659 | 3 | 0.97 | N: стар фонд Дата: 01.01.1989 Дата инв: 12.09.2015 Бележки инв: Д2015 | Книги | |
| Изтеглен | Не е изгубен | Universal Decimal Classification | Не е повреден | без рестрикции | заемане за дома | 241279 | Регионална библиотека "Любен Каравелов" Русе | Регионална библиотека "Любен Каравелов" Русе | Детски отдел | 1989-01-01 | Детски отдел | 1.89 | 518662 | ДХ 820/899/Л 89 | 518662 | 4 | 0.97 | N: стар фонд Дата: 01.01.1989 Дата инв: 26.10.2015 Бележки инв: Д2015 | Книги |